000 00915nam a2200253Ia 4500
003 OSt
005 20220930091058.0
006 a|||||r|||| 00| 0
007 ta
008 220926b |||||||| |||| 00| 0 eng d
024 _a3458
037 _cTheses
040 _aCRL
_cCRL
_beng
041 _2eng
_aeng
100 _aJat Shankar Lal
_9544686
110 _aUniversity of Delhi. Faculty of Medical Science. Department of General Medicine
_9544687
245 0 _aCorrelative of serum homocysteine levels with carotid atherosclerosis in patients with chronic kidney disease and the effect of hemodialysis on its levels
260 _c2012
650 _aMEDICINE
700 _a Ranga Gajender Singh Gu.
_9544145
700 _aUniversity of Delhi. Faculty of Medical Science. Department of General Medicine
_9544688
942 _cDIS
_2CC
999 _c881599
_d881599